[Event "FIDE World Blitz-ch Women 2018"]
[Site "St. Petersburg"]
[Date "2018.12.29"]
[Round "2.26"]
[White "Diakonova, Ekaterina"]
[Black "Mammadova, Gulnar"]
[Result "0-1"]
[WhiteElo "2225"]
[BlackElo "2368"]
[Annotator "NA"]
[PlyCount "86"]
[EventDate "2018.12.19"]
[EventType "swiss"]
[EventCountry "RUS"]
[SourceTitle "playchess.com"]
[Source "ChessBase"]
[SourceQuality "1"]

1. e4 g6 2. d4 Bg7 3. Nc3 c6 4. h3 d6 5. Bd3 Nd7 6. Nge2 e5 7. Be3 Ngf6 8. a4 O-O 9. O-O Re8 10. Ng3 exd4 11. Bxd4 Ne5 12. Be2 b6 13. f4 Ned7 14. Bf3 Bb7 15. Bf2 Bf8 16. Qd2 a6 17. h4 b5 18. h5 b4 19. Nd1 a5 20. Re1 c5 21. b3 Rc8 22. Nb2 Nb6 23. Kh1 Qd7 24. Rad1 Ng4 25. Bg1 Bg7 26. Nd3 Bc3 27. Qe2 Bxe1 28. Bxg4 f5 29. Nxc5 Qe7 30. Qxe1 dxc5 31. Be2 Bxe4 32. Bb5 Red8 33. Rxd8+ Rxd8 34. Nxe4 fxe4 35. Qg3 Kg7 36. Be3 Rd5 37. Bc1 Rd1+ 38. Kh2 Rxc1 39. hxg6 hxg6 40. f5 g5 41. Qb8 Nd5 42. Qc8 Qe5+ 43. Kh3 Rh1+ 0-1

[Event "FIDE World Blitz-ch Women 2018"]
[Site "St. Petersburg"]
[Date "2018.12.29"]
[Round "2.27"]
[White "Dordzhieva, Dinara"]
[Black "Protopopova, Anastasiya"]
[Result "0-1"]
[WhiteElo "2340"]
[BlackElo "2304"]
[Annotator "NA"]
[PlyCount "142"]
[EventDate "2018.12.19"]
[EventType "swiss"]
[EventCountry "RUS"]
[SourceTitle "playchess.com"]
[Source "ChessBase"]
[SourceQuality "1"]

1. Nf3 d5 2. g3 Nf6 3. Bg2 c5 4. O-O g6 5. d4 cxd4 6. Nxd4 Bg7 7. c4 O-O 8. cxd5 Nxd5 9. Nc3 Nxc3 10. bxc3 Qc7 11. Bd2 a6 12. Rb1 e5 13. Nb3 Be6 14. Qc1 Nd7 15. Qa3 Rab8 16. Rfd1 Rfc8 17. Rbc1 Nb6 18. Na5 Nc4 19. Nxc4 Bxc4 20. Re1 Rd8 21. Be3 Bf8 22. Qb2 b5 23. Bg5 Rd7 24. Bh3 Rd6 25. Rcd1 f6 26. Be3 Rbd8 27. Rxd6 Qxd6 28. Bg2 Bg7 29. h4 f5 30. Bg5 Rd7 31. Be3 f4 32. Bc1 fxg3 33. fxg3 e4 34. Bf4 Qc5+ 35. Kh2 h6 36. Qc1 Bd5 37. Bxh6 Qxc3 38. Qxc3 Bxc3 39. Rc1 b4 40. a3 a5 41. axb4 axb4 42. Rf1 Rf7 43. Rd1 Bb7 44. Rd6 Kh7 45. Bg5 b3 46. Rb6 Bd5 47. Rb5 Rd7 48. h5 b2 49. hxg6+ Kxg6 50. Bf4 Rb7 51. Rxd5 b1=Q 52. Rd6+ Kg7 53. Bh6+ Kh7 54. Bf4 Rb6 55. Rd7+ Kg6 56. Re7 Rb4 57. Re6+ Kf7 58. Rc6 Bd4 59. Rc7+ Ke6 60. Rc6+ Kd7 61. Rd6+ Ke7 62. Rc6 Qg1+ 63. Kh3 Rb5 64. Rc7+ Kd8 65. Rh7 Rb6 66. Bg5+ Kc8 67. Bxe4 Qf1+ 68. Bg2 Qxe2 69. Bh4 Qe6+ 70. Kh2 Rb2 71. Re7 Qc6 0-1

[Event "FIDE World Blitz-ch Women 2018"]
[Site "St. Petersburg"]
[Date "2018.12.29"]
[Round "2.28"]
[White "Utiatskaja Irina (RUS)"]
[Black "Arutyunova, Diana"]
[Result "0-1"]
[WhiteElo "1918"]
[BlackElo "2227"]
[Annotator "NA"]
[PlyCount "97"]
[EventDate "2018.12.19"]
[EventType "swiss"]
[EventCountry "RUS"]
[SourceTitle "playchess.com"]
[Source "ChessBase"]
[SourceQuality "1"]

1. e4 d6 2. d4 Nf6 3. Nc3 c6 4. h3 Qa5 5. Bd3 e5 6. Nf3 Qc7 7. O-O b5 8. a3 Be7 9. Re1 O-O 10. Be3 a6 11. Ne2 c5 12. c3 Bb7 13. Ng3 g6 14. d5 Re8 15. c4 bxc4 16. Bxc4 h5 17. Rc1 Qd8 18. Qd2 h4 19. Nxh4 Nxe4 20. Nxe4 Bxh4 21. g3 Be7 22. Nc3 Kh7 23. h4 Rh8 24. Kg2 f5 25. Bg5 Kg7 26. Rh1 Nd7 27. f4 Bf6 28. Nd1 Bxg5 29. fxg5 e4 30. Ne3 Ne5 31. Qc3 Bc8 32. Rcf1 Kg8 33. Ba2 Bd7 34. Nc4 Nf7 35. h5 Qxg5 36. hxg6 Qxg6 37. Rxh8+ Nxh8 38. Rh1 Nf7 39. Kf2 Qg7 40. Qxg7+ Kxg7 41. Bb1 Kf6 42. g4 Rf8 43. gxf5 Bxf5 44. Rf1 Ke7 45. Ke3 Nh6 46. Bxe4 Ng4+ 47. Ke2 Bxe4 48. Rxf8 Kxf8 49. Nxd6 0-1

[Event "FIDE World Blitz-ch Women 2018"]
[Site "St. Petersburg"]
[Date "2018.12.29"]
[Round "2.29"]
[White "Gunina, Valentina"]
[Black "Borisova, Ekaterina"]
[Result "1-0"]
[WhiteElo "2496"]
[BlackElo "2244"]
[Annotator "ChessBase"]
[PlyCount "77"]
[EventDate "2018.12.19"]
[EventType "swiss"]
[EventCountry "RUS"]
[SourceTitle "playchess.com"]
[Source "ChessBase"]
[SourceQuality "1"]

1. d4 d5 2. c4 c6 3. Nf3 Nf6 4. g3 g6 5. Bg2 Bg7 6. O-O O-O 7. Qb3 Qb6 8. c5 Qxb3 9. axb3 Na6 10. Nc3 Ne4 11. Bf4 Bf5 12. Ra4 Nb8 13. b4 Nd7 14. b5 Nxc3 15. bxc3 cxb5 16. Ra5 a6 17. Nh4 Be4 18. f3 Bc2 19. e4 Bb3 20. Re1 Rfe8 21. Bh3 Nxc5 22. Rb1 Bc4 23. dxc5 Bxc3 24. Ra3 b4 25. Rxc3 bxc3 26. Rxb7 d4 27. Be5 Rad8 28. Ng2 c2 29. Bf4 d3 30. Bd7 Rf8 31. c6 e5 32. Bd2 Bb5 33. Ne1 Bc4 34. Kf2 a5 35. Ke3 a4 36. Ra7 Bb5 37. Nxd3 Bxd3 38. Kxd3 Rb8 39. Kxc2 1-0

[Event "FIDE World Blitz-ch Women 2018"]
[Site "St. Petersburg"]
[Date "2018.12.29"]
[Round "2.30"]
[White "Goryachkina, Aleksandra"]
[Black "Bezgodova, Svetlana"]
[Result "1/2-1/2"]
[WhiteElo "2518"]
[BlackElo "2046"]
[Annotator "ChessBase"]
[PlyCount "131"]
[EventDate "2018.12.19"]
[EventType "swiss"]
[EventCountry "RUS"]
[SourceTitle "playchess.com"]
[Source "ChessBase"]
[SourceQuality "1"]

1. d4 Nf6 2. c4 d6 3. Nf3 Nbd7 4. Nc3 c6 5. e4 e5 6. Be2 Be7 7. O-O O-O 8. h3 a6 9. d5 cxd5 10. cxd5 b5 11. a3 Nb6 12. Be3 Bd7 13. Nd2 Qb8 14. Rc1 Rc8 15. Qb3 Bd8 16. Na2 Qb7 17. Rc2 Rxc2 18. Qxc2 Rc8 19. Qb1 h6 20. Rc1 Rxc1+ 21. Qxc1 Nc8 22. f3 Bb6 23. Nb3 Qa7 24. Kf2 Ne8 25. Nb4 f5 26. exf5 Bxf5 27. Nc6 Bxe3+ 28. Qxe3 Qxe3+ 29. Kxe3 Nc7 30. Nb4 Nb6 31. Kd2 Nbxd5 32. Nxd5 Nxd5 33. Na5 Bd7 34. Nb7 Nf4 35. Bf1 d5 36. Nc5 Bc8 37. h4 Kf7 38. g3 Ne6 39. Nd3 Kf6 40. Nb4 Nd4 41. Nxd5+ Ke6 42. Nc3 Kd6 43. Ne4+ Kd5 44. Ke3 Bf5 45. Nc3+ Kd6 46. g4 Be6 47. Bd3 Bf7 48. Be4 Ne6 49. Ne2 Be8 50. Nc3 a5 51. Ne2 b4 52. axb4 axb4 53. Nc1 Nc5 54. Nd3 b3 55. Nxc5 Kxc5 56. Kd3 Bf7 57. Kc3 Be6 58. Bb7 g5 59. hxg5 hxg5 60. Be4 Bf7 61. Kd3 Be6 62. Ke3 Bf7 63. Bd3 Bd5 64. Be2 Kd6 65. Bd1 Kc5 66. Be2 1/2-1/2

[Event "FIDE World Blitz-ch Women 2018"]
[Site "St. Petersburg"]
[Date "2018.12.29"]
[Round "2.31"]
[White "Galliamova, Alisa"]
[Black "Injac, Teodora"]
[Result "1-0"]
[WhiteElo "2444"]
[BlackElo "2325"]
[Annotator "NA"]
[PlyCount "109"]
[EventDate "2018.12.19"]
[EventType "swiss"]
[EventCountry "RUS"]
[SourceTitle "playchess.com"]
[Source "ChessBase"]
[SourceQuality "1"]

1. Nf3 Nf6 2. g3 g6 3. Bg2 Bg7 4. O-O O-O 5. d4 d6 6. c4 Nbd7 7. Nc3 e5 8. e4 exd4 9. Nxd4 Re8 10. f3 Nc5 11. Be3 a5 12. Ndb5 Nfd7 13. Qd2 Ne5 14. b3 Bd7 15. Rad1 a4 16. f4 Ned3 17. Qe2 Bxb5 18. Nxb5 c6 19. Bxc5 Nxc5 20. Nxd6 Re6 21. e5 Qb6 22. Qf2 axb3 23. axb3 Ra3 24. Rb1 Qb4 25. Qe1 Qxe1 26. Rfxe1 Rxb3 27. Rxb3 Nxb3 28. Nxb7 Bf8 29. Kf2 Nc5 30. Nxc5 Bxc5+ 31. Kf3 Bd4 32. Rb1 c5 33. Rb7 Kf8 34. Ke2 Re7 35. Rb8+ Kg7 36. Bd5 Ra7 37. Kd3 Ra3+ 38. Ke2 Ra2+ 39. Kf3 Ra3+ 40. Kg4 Ra7 41. h4 h5+ 42. Kh3 Rc7 43. g4 hxg4+ 44. Kxg4 Ra7 45. h5 gxh5+ 46. Kxh5 Ra1 47. Kg4 Rg1+ 48. Kf5 Ra1 49. Rb7 Be3 50. Rxf7+ Kh8 51. e6 Rf1 52. Ke4 Re1 53. e7 Bd4+ 54. Kf5 Bg7 55. Be6 1-0

[Event "FIDE World Blitz-ch Women 2018"]
[Site "St. Petersburg"]
[Date "2018.12.29"]
[Round "2.32"]
[White "Danielian, Elina"]
[Black "Kovanova, Baira"]
[Result "1/2-1/2"]
[WhiteElo "2427"]
[BlackElo "2352"]
[Annotator "NA"]
[PlyCount "60"]
[EventDate "2018.12.19"]
[EventType "swiss"]
[EventCountry "RUS"]
[SourceTitle "playchess.com"]
[Source "ChessBase"]
[SourceQuality "1"]

1. Nf3 Nf6 2. c4 e6 3. Nc3 b6 4. e4 d6 5. d4 Bb7 6. Bd3 e5 7. dxe5 dxe5 8. Nxe5 Bc5 9. O-O Bd4 10. Nf3 Bxc3 11. bxc3 O-O 12. e5 Ne4 13. Qc2 f5 14. exf6 Nxf6 15. Ng5 Qd6 16. Nxh7 Ng4 17. f4 Qc5+ 18. Rf2 Re8 19. Ng5 Nxf2 20. Qxf2 Re1+ 21. Bf1 Nd7 22. Qxc5 Nxc5 23. Kf2 Rae8 24. Bb2 Rxa1 25. Bxa1 Rd8 26. Ke2 Re8+ 27. Kf2 Rd8 28. Ke2 Re8+ 29. Kf2 Rd8 30. Ke2 Re8+ 1/2-1/2

[Event "FIDE World Blitz-ch Women 2018"]
[Site "St. Petersburg"]
[Date "2018.12.29"]
[Round "2.33"]
[White "Girya, Olga"]
[Black "Romanovskaya, Anna"]
[Result "1-0"]
[WhiteElo "2454"]
[BlackElo "2210"]
[Annotator "ChessBase"]
[PlyCount "65"]
[EventDate "2018.12.19"]
[EventType "swiss"]
[EventCountry "RUS"]
[SourceTitle "playchess.com"]
[Source "ChessBase"]
[SourceQuality "1"]

1. d4 g6 2. e4 Bg7 3. Nf3 d6 4. c3 e5 5. dxe5 dxe5 6. Qxd8+ Kxd8 7. Bc4 f6 8. O-O Bd7 9. Be3 Bh6 10. Bxh6 Nxh6 11. Rd1 Ke7 12. Nbd2 Nc6 13. Nf1 Be6 14. Bxe6 Kxe6 15. Ne3 Ne7 16. Nd2 Nf7 17. Nb3 b6 18. c4 c6 19. a4 Rhd8 20. c5 Rxd1+ 21. Rxd1 Rd8 22. Rxd8 Nxd8 23. cxb6 axb6 24. Nc4 Nc8 25. Kf1 Nb7 26. Ke2 f5 27. f4 exf4 28. Nd4+ Kf6 29. e5+ Kf7 30. Nxc6 Nc5 31. a5 bxa5 32. N6xa5 Nb6 33. Nxb6 1-0

[Event "FIDE World Blitz-ch Women 2018"]
[Site "St. Petersburg"]
[Date "2018.12.29"]
[Round "2.34"]
[White "Maltsevskaya, Aleksandra"]
[Black "Sirotkina, Nina"]
[Result "0-1"]
[WhiteElo "2243"]
[BlackElo "2188"]
[Annotator "NA"]
[PlyCount "100"]
[EventDate "2018.12.19"]
[EventType "swiss"]
[EventCountry "RUS"]
[SourceTitle "playchess.com"]
[Source "ChessBase"]
[SourceQuality "1"]

1. e4 c5 2. Nf3 e6 3. g3 Nc6 4. Bg2 g6 5. O-O Bg7 6. c3 e5 7. Na3 d6 8. d4 exd4 9. cxd4 Bg4 10. dxc5 dxc5 11. Qc2 Bxf3 12. Bxf3 Nd4 13. Qa4+ Qd7 14. Qxd7+ Kxd7 15. Bg2 Ne7 16. Be3 Nec6 17. Rad1 Rad8 18. h4 b6 19. f4 Kc7 20. e5 f6 21. e6 a6 22. g4 Nxe6 23. Nc2 f5 24. h5 Ned4 25. Nxd4 Bxd4 26. Bxd4 Nxd4 27. Rfe1 Rhe8 28. Kf2 fxg4 29. hxg6 hxg6 30. Be4 Rf8 31. Kg3 Nf5+ 32. Kf2 g3+ 33. Kf3 Rxd1 34. Rxd1 Rd8 35. Rh1 Rd2 36. Rh7+ Kd6 37. b3 g2 38. Bxf5 g1=Q 39. Rd7+ Kc6 40. Rxd2 gxf5 41. Re2 Qg4+ 42. Ke3 b5 43. Rf2 Qg3+ 44. Ke2 c4 45. bxc4 bxc4 46. Rf3 Qg2+ 47. Ke3 Kd5 48. Rf2 Qe4+ 49. Kd2 Qd3+ 50. Ke1 c3 0-1

[Event "FIDE World Blitz-ch Women 2018"]
[Site "St. Petersburg"]
[Date "2018.12.29"]
[Round "2.35"]
[White "Skripchenko, Almira"]
[Black "Munkhzul, Turmunkh"]
[Result "1-0"]
[WhiteElo "2408"]
[BlackElo "2255"]
[Annotator "NA"]
[PlyCount "113"]
[EventDate "2018.12.19"]
[EventType "swiss"]
[EventCountry "RUS"]
[SourceTitle "playchess.com"]
[Source "ChessBase"]
[SourceQuality "1"]

1. e4 c5 2. Nf3 d6 3. c3 Nf6 4. h3 Nc6 5. Bd3 e5 6. Bc2 g6 7. d4 cxd4 8. cxd4 exd4 9. Nxd4 Bg7 10. Nb5 O-O 11. N1c3 Nb4 12. Bb3 d5 13. exd5 Re8+ 14. Be3 a6 15. Na3 Bf5 16. O-O Rc8 17. Qd2 a5 18. Rfd1 Ne4 19. Nxe4 Bxe4 20. d6 Nc6 21. Nb5 Qd7 22. Bf4 Nb4 23. Nc7 Red8 24. Bg3 Nd3 25. Qe3 Bf5 26. Rxd3 Bxd3 27. Qxd3 Bxb2 28. Rd1 Bg7 29. Qf3 b5 30. Bd5 b4 31. Bc6 Qf5 32. Qxf5 gxf5 33. Ba4 Bf6 34. Nd5 Bg5 35. d7 Ra8 36. Bc7 Rxd7 37. Bxd7 a4 38. Nxb4 Be7 39. Nd5 Bd8 40. Bxd8 Rxd8 41. Bxf5 Kf8 42. Be4 Rb8 43. Rb1 Re8 44. Bf3 Rd8 45. Rb4 a3 46. Ra4 Rb8 47. Rxa3 Kg7 48. Kh2 Rb5 49. Ra7 Rb2 50. Kg3 Kg6 51. a4 Ra2 52. a5 Ra3 53. a6 f5 54. Nf4+ Kf6 55. Ra8 h5 56. h4 Ke5 57. a7 1-0

[Event "FIDE World Blitz-ch Women 2018"]
[Site "St. Petersburg"]
[Date "2018.12.29"]
[Round "2.36"]
[White "Gritsayeva, Oksana"]
[Black "Michna, Marta"]
[Result "0-1"]
[WhiteElo "2378"]
[BlackElo "2333"]
[Annotator "NA"]
[PlyCount "103"]
[EventDate "2018.12.19"]
[EventType "swiss"]
[EventCountry "RUS"]
[SourceTitle "playchess.com"]
[Source "ChessBase"]
[SourceQuality "1"]

1. e4 d6 2. d4 Nf6 3. Bd3 Nc6 4. c3 e5 5. Nf3 Bg4 6. d5 Ne7 7. h3 Bd7 8. O-O Ng6 9. Kh2 Be7 10. Re1 O-O 11. c4 c5 12. dxc6 bxc6 13. Nc3 Ne8 14. b3 Nc7 15. Bb2 Ne6 16. Bf1 a5 17. Qd2 Ngf4 18. g3 Ng6 19. Bg2 Nc5 20. Rad1 Qb6 21. Ba3 Rad8 22. Qe3 Bc8 23. Bxc5 dxc5 24. Na4 Qa7 25. Qe2 Rfe8 26. Rxd8 Rxd8 27. Rd1 Rxd1 28. Qxd1 f6 29. Ne1 Nf8 30. Nd3 Ne6 31. Qd2 Nd4 32. f4 exf4 33. Qxf4 Be6 34. e5 g5 35. Qe3 f5 36. Kh1 h6 37. Qf2 Kg7 38. Nc3 Qd7 39. Qe3 Nc2 40. Qe2 Nb4 41. Bf1 Qd4 42. Na4 Nxd3 43. Qxd3 Qxe5 44. Kg2 f4 45. g4 Bf7 46. Qe2 Qd6 47. Qf3 Bg6 48. Be2 Bf6 49. Kf1 Bd4 50. Bd3 Be3 51. Bxg6 Qxg6 52. Qe2 0-1

[Event "FIDE World Blitz-ch Women 2018"]
[Site "St. Petersburg"]
[Date "2018.12.29"]
[Round "2.37"]
[White "Nebolsina, Vera"]
[Black "Khademalsharieh, Sarasadat"]
[Result "0-1"]
[WhiteElo "2242"]
[BlackElo "2470"]
[Annotator "ChessBase"]
[PlyCount "64"]
[EventDate "2018.12.19"]
[EventType "swiss"]
[EventCountry "RUS"]
[SourceTitle "playchess.com"]
[Source "ChessBase"]
[SourceQuality "1"]

1. e4 e5 2. Nf3 Nc6 3. Nc3 Nf6 4. d4 exd4 5. Nxd4 Bc5 6. Be3 Bb6 7. Be2 O-O 8. Qd2 d5 9. exd5 Nxd5 10. Nxd5 Bxd4 11. Nc3 Bxe3 12. Qxe3 Re8 13. Qd2 Qxd2+ 14. Kxd2 Bf5 15. Rad1 Nd4 16. Bd3 Bxd3 17. cxd3 Rad8 18. Rhe1 Kf8 19. Kc1 c6 20. Re4 f5 21. Re3 Kf7 22. Rde1 Ne6 23. Kd2 Rd6 24. Re5 g6 25. g3 Red8 26. Kc1 R8d7 27. R1e3 b6 28. Kd2 Nc5 29. Rf3 Nxd3 30. Rxd3 Rxd3+ 31. Ke2 Rd2+ 32. Kf3 Rxb2 0-1

[Event "FIDE World Blitz-ch Women 2018"]
[Site "St. Petersburg"]
[Date "2018.12.29"]
[Round "2.38"]
[White "Abdumalik, Zhansaya"]
[Black "Komiagina, Maria"]
[Result "1-0"]
[WhiteElo "2470"]
[BlackElo "2234"]
[Annotator "ChessBase"]
[PlyCount "65"]
[EventDate "2018.12.19"]
[EventType "swiss"]
[EventCountry "RUS"]
[SourceTitle "playchess.com"]
[Source "ChessBase"]
[SourceQuality "1"]

1. e4 c5 2. Nf3 Nc6 3. d4 cxd4 4. Nxd4 Nf6 5. Nc3 d6 6. Bg5 e6 7. Qd2 a6 8. O-O-O h6 9. Be3 Bd7 10. f3 b5 11. Kb1 Rc8 12. Nxc6 Bxc6 13. g4 Nd7 14. Ne2 Be7 15. Nd4 Ne5 16. Be2 Bd7 17. f4 Nc4 18. Bxc4 Rxc4 19. b3 Rc8 20. f5 Bf6 21. h4 Be5 22. Nf3 Qc7 23. Nxe5 dxe5 24. Bb6 Qc6 25. Ba5 Ra8 26. Rh3 b4 27. Rd3 Ra7 28. Rd6 Qb5 29. Rb6 Qxa5 30. Rb8+ Qd8 31. Rxd8+ Kxd8 32. Qxb4 Ra8 33. Qb7 1-0

[Event "FIDE World Blitz-ch Women 2018"]
[Site "St. Petersburg"]
[Date "2018.12.29"]
[Round "2.39"]
[White "Gvanceladze, Anna"]
[Black "Zhukova, Natalia"]
[Result "0-1"]
[WhiteElo "2264"]
[BlackElo "2377"]
[Annotator "NA"]
[PlyCount "88"]
[EventDate "2018.12.19"]
[EventType "swiss"]
[EventCountry "RUS"]
[SourceTitle "playchess.com"]
[Source "ChessBase"]
[SourceQuality "1"]

1. d4 Nf6 2. Nf3 e6 3. Bf4 d5 4. e3 c5 5. c3 Nc6 6. Be2 Bd6 7. Bg3 O-O 8. Nbd2 Qe7 9. Ne5 Bxe5 10. dxe5 Nd7 11. Nf3 f6 12. exf6 Nxf6 13. Nd2 e5 14. O-O Be6 15. a3 Rad8 16. b4 Bf7 17. Qc2 a6 18. Qb2 c4 19. a4 e4 20. Rfd1 Ne5 21. Bxe5 Qxe5 22. Nf1 Bh5 23. Rd4 Bxe2 24. Qxe2 Qe6 25. Rad1 Ng4 26. f4 exf3 27. gxf3 Ne5 28. f4 Nd3 29. Qg2 Rd6 30. Kh1 Kh8 31. R1xd3 cxd3 32. Rxd3 Qd7 33. a5 Qf5 34. Qd2 h5 35. Ng3 Qf7 36. Qg2 h4 37. Qh3 Rh6 38. Ne2 Qg6 39. Rxd5 Qe4+ 40. Qg2 Qxe3 41. Re5 Qd3 42. h3 Rg6 43. Qf2 Qxh3+ 44. Qh2 Qf3+ 0-1

[Event "FIDE World Blitz-ch Women 2018"]
[Site "St. Petersburg"]
[Date "2018.12.29"]
[Round "2.40"]
[White "Belenkaya, Dina"]
[Black "Javakhishvili, Lela"]
[Result "0-1"]
[WhiteElo "2338"]
[BlackElo "2464"]
[Annotator "ChessBase"]
[PlyCount "124"]
[EventDate "2018.12.19"]
[EventType "swiss"]
[EventCountry "RUS"]
[SourceTitle "playchess.com"]
[Source "ChessBase"]
[SourceQuality "1"]

1. e4 c5 2. Nf3 e6 3. c4 Nc6 4. Nc3 a6 5. d4 cxd4 6. Nxd4 Nge7 7. Be2 Nxd4 8. Qxd4 Nc6 9. Qd3 Bc5 10. O-O O-O 11. Be3 Nb4 12. Qd2 Bxe3 13. fxe3 Nc6 14. Rad1 Qg5 15. Rf3 Ne5 16. Rg3 Qf6 17. Qd6 Nc6 18. c5 Qe5 19. a3 Rb8 20. Qxe5 Nxe5 21. Na4 Rd8 22. Nb6 Kf8 23. Rd6 f6 24. Rh3 h6 25. Bh5 g6 26. Bd1 Nf7 27. Rd4 Kg7 28. Bb3 d6 29. Nxc8 Rbxc8 30. Bxe6 dxc5 31. Rd5 Rxd5 32. exd5 Rd8 33. e4 Ng5 34. Rb3 b5 35. a4 b4 36. Re3 Nxe6 37. dxe6 Rd6 38. e5 Rxe6 39. exf6+ Kxf6 40. Rf3+ Ke7 41. Kf2 Rf6 42. b3 Rxf3+ 43. Kxf3 c4 44. bxc4 Kd6 45. Ke4 Kc5 46. Kd3 a5 47. h4 g5 48. hxg5 hxg5 49. g4 b3 50. Kc3 b2 51. Kxb2 Kxc4 52. Ka3 Kc3 53. Ka2 Kb4 54. Kb2 Kxa4 55. Kc3 Kb5 56. Kb3 Kc5 57. Ka4 Kd4 58. Kxa5 Ke4 59. Kb4 Kf4 60. Kc3 Kxg4 61. Kd3 Kf3 62. Kd2 Kf2 0-1

[Event "FIDE World Blitz-ch Women 2018"]
[Site "St. Petersburg"]
[Date "2018.12.29"]
[Round "2.41"]
[White "Khotenashvili, Bela"]
[Black "Bogumil, Tatiana"]
[Result "1-0"]
[WhiteElo "2479"]
[BlackElo "2114"]
[Annotator "ChessBase"]
[PlyCount "69"]
[EventDate "2018.12.19"]
[EventType "swiss"]
[EventCountry "RUS"]
[SourceTitle "playchess.com"]
[Source "ChessBase"]
[SourceQuality "1"]

1. d4 Nf6 2. Bg5 e6 3. e4 Be7 4. e5 Nd5 5. Bd2 d6 6. c4 Nb6 7. Nc3 dxe5 8. dxe5 O-O 9. Nf3 Nc6 10. Be2 Nd4 11. O-O c5 12. b3 Bd7 13. Nxd4 cxd4 14. Ne4 Bc6 15. Bd3 Nd7 16. f4 a5 17. Qh5 g6 18. Qh3 Nc5 19. Nxc5 Bxc5 20. Be1 Be7 21. Bf2 Bc5 22. Rad1 a4 23. Bb1 axb3 24. axb3 Kg7 25. Rd2 Qa5 26. Rfd1 Rad8 27. Bh4 h6 28. Bf6+ Kh7 29. Bg5 h5 30. Qxh5+ Kg8 31. Qh6 d3+ 32. Kh1 f5 33. Qxg6+ Kh8 34. Qh6+ Kg8 35. Qxe6+ 1-0

[Event "FIDE World Blitz-ch Women 2018"]
[Site "St. Petersburg"]
[Date "2018.12.29"]
[Round "2.42"]
[White "Mkrtchian, Lilit"]
[Black "Paramzina, Anastasya"]
[Result "0-1"]
[WhiteElo "2392"]
[BlackElo "2229"]
[Annotator "NA"]
[PlyCount "100"]
[EventDate "2018.12.19"]
[EventType "swiss"]
[EventCountry "RUS"]
[SourceTitle "playchess.com"]
[Source "ChessBase"]
[SourceQuality "1"]

1. c4 Nf6 2. Nc3 g6 3. e4 d6 4. d4 Bg7 5. h3 O-O 6. Be3 Na6 7. Bd3 e5 8. d5 Nc5 9. Bc2 a5 10. Qd2 Nh5 11. Nge2 f5 12. exf5 gxf5 13. g4 Nf4 14. O-O-O Nxe2+ 15. Nxe2 Qf6 16. gxf5 Bxf5 17. Bxf5 Qxf5 18. Ng3 Qf3 19. Qe2 e4 20. Qxf3 exf3 21. Rhg1 Kh8 22. Bd4 Be5 23. Bxe5+ dxe5 24. Rde1 Rae8 25. Kd2 e4 26. Ke3 Nd3 27. Rb1 c6 28. dxc6 bxc6 29. b3 Rf6 30. Nf1 Nf4 31. Nd2 Ng2+ 32. Kd4 Rd6+ 33. Kc3 Rd3+ 34. Kc2 c5 35. Nxe4 Rdd8 36. Ng3 Nf4 37. Rbd1 Nxh3 38. Rxd8 Rxd8 39. Rf1 Rd4 40. Nf5 Rf4 41. Ne7 Kg7 42. Nc6 Re4 43. Nxa5 Re2+ 44. Kd3 Rxa2 45. Nb7 Nxf2+ 46. Ke3 Ng4+ 47. Kf4 Nh2 48. Rg1+ Kf8 49. Nxc5 f2 50. Ne6+ Ke7 0-1

[Event "FIDE World Blitz-ch Women 2018"]
[Site "St. Petersburg"]
[Date "2018.12.29"]
[Round "2.43"]
[White "Geller, Anastasiya"]
[Black "Charochkina, Daria"]
[Result "1-0"]
[WhiteElo "2187"]
[BlackElo "2344"]
[Annotator "NA"]
[PlyCount "131"]
[EventDate "2018.12.19"]
[EventType "swiss"]
[EventCountry "RUS"]
[SourceTitle "playchess.com"]
[Source "ChessBase"]
[SourceQuality "1"]

1. e4 c6 2. d4 d5 3. exd5 cxd5 4. c3 Nc6 5. Bf4 g6 6. Bd3 Bg7 7. Nf3 Nf6 8. Nbd2 O-O 9. O-O Nh5 10. Be3 Qc7 11. Re1 Bd7 12. Nb3 Rae8 13. Nc5 Bc8 14. a4 b6 15. Nb3 h6 16. a5 bxa5 17. Bb5 a6 18. Bxc6 Qxc6 19. Rxa5 Nf6 20. Ne5 Qc7 21. Rc5 Qb7 22. Na5 Qxb2 23. Nd3 Qb8 24. Bf4 Qa8 25. Nb4 Be6 26. Rc7 Rc8 27. Rxe7 Rxc3 28. Qd2 Ra3 29. Nbc6 Ne4 30. Qb4 Ra2 31. f3 Nf6 32. Ra7 Qe8 33. Bd6 Kh7 34. Re7 Qc8 35. Rc7 Qe8 36. Re7 Qa8 37. Ra7 Qe8 38. Bxf8 Bxf8 39. Qb3 Rd2 40. Qc3 Ra2 41. Qb3 Rd2 42. Rb7 Nd7 43. Qc3 Ra2 44. Qb3 Rd2 45. Qe3 Kg8 46. Qxd2 Qc8 47. Rxd7 Qxd7 48. Ne5 Qa4 49. Nac6 Qb3 50. Qd3 Qb2 51. Rb1 Qa2 52. Qb3 Qd2 53. Rd1 Qe2 54. Qd3 Qa2 55. Nxg6 Qa4 56. Nxf8 Qxc6 57. Nxe6 Qxe6 58. Ra1 Qc6 59. Qxa6 Qc3 60. Qa4 Qe3+ 61. Kh1 h5 62. h3 h4 63. Rb1 Qd3 64. Qe8+ Kg7 65. Qe5+ Kh7 66. Rb7 1-0

[Event "FIDE World Blitz-ch Women 2018"]
[Site "St. Petersburg"]
[Date "2018.12.29"]
[Round "2.44"]
[White "Batsiashvili, Nino"]
[Black "Goltseva, Ekaterina"]
[Result "1-0"]
[WhiteElo "2459"]
[BlackElo "2153"]
[Annotator "ChessBase"]
[PlyCount "81"]
[EventDate "2018.12.19"]
[EventType "swiss"]
[EventCountry "RUS"]
[SourceTitle "playchess.com"]
[Source "ChessBase"]
[SourceQuality "1"]

1. Nf3 d5 2. e3 Nf6 3. c4 dxc4 4. Bxc4 e6 5. b3 a6 6. Bb2 b5 7. Be2 Bb7 8. a4 b4 9. O-O c5 10. d3 Nc6 11. Nbd2 Na5 12. Rc1 Rc8 13. Ne5 Be7 14. Bf3 Bd5 15. Ndc4 O-O 16. Nxa5 Qxa5 17. Nc4 Qd8 18. e4 Bb7 19. a5 Nd7 20. e5 Bd5 21. Bxd5 exd5 22. Ne3 Nb8 23. Nf5 d4 24. Qg4 g6 25. Rce1 Nc6 26. Bc1 Qd5 27. f4 Qe6 28. Nh6+ Kh8 29. f5 Qd5 30. f6 Bd8 31. e6 fxe6 32. Rxe6 Ne5 33. Qh3 Rc6 34. Rxc6 Qxc6 35. Bg5 Qd7 36. Qg3 Bc7 37. Qe1 Nf7 38. h4 Bxa5 39. Qe7 Qxe7 40. fxe7 Re8 41. Rxf7 1-0

[Event "FIDE World Blitz-ch Women 2018"]
[Site "St. Petersburg"]
[Date "2018.12.29"]
[Round "2.45"]
[White "Stetsko, Lanita"]
[Black "Khomeriki, Nino"]
[Result "0-1"]
[WhiteElo "2194"]
[BlackElo "2347"]
[Annotator "NA"]
[PlyCount "130"]
[EventDate "2018.12.19"]
[EventType "swiss"]
[EventCountry "RUS"]
[SourceTitle "playchess.com"]
[Source "ChessBase"]
[SourceQuality "1"]

1. e4 e5 2. Nf3 Nc6 3. Bb5 a6 4. Ba4 Nf6 5. O-O Be7 6. Re1 b5 7. Bb3 O-O 8. a4 b4 9. d3 d6 10. Nbd2 Rb8 11. a5 Qe8 12. h3 Bd7 13. Nc4 Nd8 14. Ne3 Ne6 15. Nf5 Nc5 16. Nxe7+ Qxe7 17. Bc4 Be6 18. b3 c6 19. Bxe6 Nxe6 20. d4 exd4 21. Nxd4 Nxd4 22. Qxd4 Rfe8 23. Bb2 Rb5 24. Rad1 d5 25. e5 Ne4 26. f3 Ng5 27. e6 Nxe6 28. Rxe6 fxe6 29. Re1 Qc5 30. f4 Qxd4+ 31. Bxd4 c5 32. Be5 Kf7 33. Bc7 c4 34. Bb6 cxb3 35. cxb3 Rc8 36. Kf2 Rc2+ 37. Kf3 Rc3+ 38. Re3 Rxe3+ 39. Kxe3 d4+ 40. Kxd4 Rd5+ 41. Kc4 Rd2 42. g4 h5 43. gxh5 Rh2 44. Kxb4 Rxh3 45. Kc4 Rxh5 46. b4 Rf5 47. Bc7 Ke7 48. Kd4 Kd7 49. Be5 g6 50. Ke4 Kc6 51. Kd4 Kb5 52. Bc7 Kxb4 53. Ke4 Kb5 54. Kd4 Rd5+ 55. Ke4 Rd7 56. Bb6 Rd5 57. Bc7 Kc6 58. Bb6 Kd6 59. Kf3 Rh5 60. Ke4 Rh4 61. Kf3 Kd5 62. Kg3 Rh7 63. Kg4 Rf7 64. Kg5 Rf5+ 65. Kxg6 Rxf4 0-1